Risk and liability for consultants advising on the built environment (Record no. 72717)
[ view plain ]
| 000 -LEADER | |
|---|---|
| fixed length control field | 01746cam a2200217 4500 |
| 001 - CONTROL NUMBER | |
| control field | ABS66670 |
| 008 - FIXED-LENGTH DATA ELEMENTS--GENERAL INFORMATION | |
| fixed length control field | 030521n2003 000 0 eng u |
| 035 ## - SYSTEM CONTROL NUMBER | |
| System control number | (Sirsi) u122359 |
| 100 ## - MAIN ENTRY--PERSONAL NAME | |
| Personal name | Reyers, J. |
| 245 ## - TITLE STATEMENT | |
| Title | Risk and liability for consultants advising on the built environment |
| 260 ## - PUBLICATION, DISTRIBUTION, ETC. | |
| Date of publication, distribution, etc. | 2003 |
| 490 ## - SERIES STATEMENT | |
| Series statement | Structural Survey |
| Volume/sequential designation | 21(1) 2003, 8-15(8) |
| 520 ## - SUMMARY, ETC. | |
| Summary, etc. | Professional consultants are liable for damage resulting from negligent advice, design or acts. This research examines the perspectives of professionals involved in advice on the built heritage. It examines the risks for consultants as perceived by conservation advisory bodies, insurers, legal consultants and conservation consultants. The paper explores the risks assumed in conservation of the built heritage and control measures generally adopted. Results indicate two types of consultancy advice that incur different risk levels. Conservation consultancy can be separated by the knowledge and experience of the consultant(s) involved, either conservation awareness or general property and construction awareness only. The former can be further subdivided by the particular nature of their advice: advice relating to survey and valuation, and advice relating to repair and refurbishment. Consultants perceive clients to be divided into two categories: informed and uninformed. A typology of clients and professional consultants is presented, which indicates broad risk catagories. Tables and references. [Taken from article abstract]. |
| 590 ## - LOCAL NOTE (RLIN) | |
| Local note | ABS |
| 650 ## - SUBJECT ADDED ENTRY--TOPICAL TERM | |
| Topical term or geographic name entry element | BUILT ENVIRONMENT |
| 650 ## - SUBJECT ADDED ENTRY--TOPICAL TERM | |
| Topical term or geographic name entry element | LIABILITY |
| 650 ## - SUBJECT ADDED ENTRY--TOPICAL TERM | |
| Topical term or geographic name entry element | RISK |
| 650 ## - SUBJECT ADDED ENTRY--TOPICAL TERM | |
| Topical term or geographic name entry element | CONSULTANTS |
| 690 ## - LOCAL SUBJECT ADDED ENTRY--TOPICAL TERM (OCLC, RLIN) | |
| Topical term or geographic name as entry element | BUILT ENVIRONMENT-BUILDING MAINTENANCE AND REFURBISHMENT-BUILDING CONSERVATION |
| 942 ## - ADDED ENTRY ELEMENTS (KOHA) | |
| Suppress in OPAC | 0 |
| Withdrawn status | Lost status | Source of classification or shelving scheme | Damaged status | Not for loan | Home library | Current library | Shelving location | Date acquired | Total Checkouts | Full call number | Barcode | Date last seen | Copy number | Price effective from | Koha item type |
|---|---|---|---|---|---|---|---|---|---|---|---|---|---|---|---|
| Dewey Decimal Classification | London | London | Journal article | 21/05/2003 | ABS66670 | 122359-1001 | 06/08/2019 | 1 | 06/08/2019 | Journal article |